000 00423nam a2200157Ia 4500
008 240729s9999 xx 000 0 und d
022 _a2352-6475
245 0 _aInternational Journal of Women's Dermatology
260 _aUnited States
260 _bWolters Kluwer
650 _a Dermatology
650 _aMedicine
856 _uhttps://doaj.org/toc/3903aca73ab046169bc10d4f125c28af
942 _2ddc
942 _cDOAJEJ
999 _c70080
_d70080
945 _a1
_bMadushi Gamage
_c1
_dMadushi Gamage